| 000 | 00668nam a2200289Ia 4500 | ||
|---|---|---|---|
| 005 | 20260401122408.0 | ||
| 008 | 008 250103s9999 xx 000 0 eng d | ||
| 020 | _a0-415-34310-0 | ||
| 037 | _aTB | ||
| 040 | _aEDL | ||
| 040 | _beng | ||
| 040 | _cEDL | ||
| 041 | _2eng | ||
| 041 | _aeng | ||
| 084 | _a302.23 MIR | ||
| 084 | _qEDL | ||
| 100 |
_aMirzoeff, Nicholas _91233483 |
||
| 245 | 0 | _aWatching Babylon: War in Iraq and Global Visual Culture | |
| 245 | 0 | _cMirzoeff, Nicholas | |
| 260 | _aNew York | ||
| 260 | _bRoutledge | ||
| 260 | _c2005 | ||
| 942 | _cTB | ||
| 942 | _h302.23 MIR | ||
| 999 |
_c1847000 _d1847000 |
||